| 000 | 00471nam a22001577a 4500 | ||
|---|---|---|---|
| 003 | LRUA | ||
| 005 | 20251128151357.0 | ||
| 008 | 251128b xxu||||| |||| 00| 0 eng d | ||
| 040 | _cRUA | ||
| 082 | _2RE THO 2013 C108 Or1 | ||
| 100 |
_919175 _aTHO KIM EANG ធូ គីមអ៊ាង |
||
| 245 | _aIntegrated Agriculture and Natural Resource Management for Sustainable Development | ||
| 260 |
_aPHNOM PENH _bRUA _c2013 |
||
| 300 |
_ax69p _bV _c18cm |
||
| 942 |
_2ddc _cREC |
||
| 999 |
_c25434 _d25434 |
||